<?xml version="1.0" encoding="UTF-8"?>
<collection xmlns="http://www.loc.gov/MARC21/slim">
<record>
  <controlfield tag="001">164132</controlfield>
  <controlfield tag="005">20260112133342.0</controlfield>
  <datafield tag="024" ind1="7" ind2=" ">
    <subfield code="2">doi</subfield>
    <subfield code="a">10.1021/acsanm.5c03130</subfield>
  </datafield>
  <datafield tag="024" ind1="8" ind2=" ">
    <subfield code="2">sideral</subfield>
    <subfield code="a">146294</subfield>
  </datafield>
  <datafield tag="037" ind1=" " ind2=" ">
    <subfield code="a">ART-2025-146294</subfield>
  </datafield>
  <datafield tag="041" ind1=" " ind2=" ">
    <subfield code="a">eng</subfield>
  </datafield>
  <datafield tag="100" ind1=" " ind2=" ">
    <subfield code="a">Pérez-Miana, Marta</subfield>
    <subfield code="u">Universidad de Zaragoza</subfield>
    <subfield code="0">(orcid)0000-0001-8572-1760</subfield>
  </datafield>
  <datafield tag="245" ind1=" " ind2=" ">
    <subfield code="a">High Pressure-Based Synthesis of Nanoporous Metal–Organic Framework ZIF-93 Giving Rise to a Phase for Proton Conduction</subfield>
  </datafield>
  <datafield tag="260" ind1=" " ind2=" ">
    <subfield code="c">2025</subfield>
  </datafield>
  <datafield tag="506" ind1="0" ind2=" ">
    <subfield code="a">Access copy available to the general public</subfield>
    <subfield code="f">Unrestricted</subfield>
  </datafield>
  <datafield tag="520" ind1="3" ind2=" ">
    <subfield code="a">This study aims to develop a green, solvent-free synthesis of ZIF-93 (ZIF stands for zeolitic imidazolate framework) and to explore the formation of different phases. We report the solvent-free synthesis of a previously unreported nanoporous ZIF phase, ZIF-93_HP (HP referring to “high-pressure”), from zinc oxide using a dual high-pressure (150 MPa) and thermal (110 °C) method. The influence of key synthesis parameters, such as the amount of NH4NO3 promotor and reaction steps, was systematically investigated to maximize the conversion of ZnO into the intermediate ZIF-93_HP, while, in parallel, preventing its further conversion into nanoporous ZIF-93 phase. The material was extensively characterized by X-ray diffraction, thermogravimetry, electron microscopy and N2 and CO2 adsorption, which revealed insights into the structure, morphology and nanoporosity of ZIF-93_HP. ZIF-93_HP, with empirical formula of Zn(C5N2OH5)2·1.2(NH4NO3)·(H2O), is related to the previously reported ZIF-93 (Zn(C5N2OH5)2). Water washing of this phase led to the transformation into ZIF-93 and a significant increase in the BET specific surface area (from 4 to 181 m2/g). In addition, the presence of NH4+ and NO3– ions into its structure makes ZIF-93_HP proton conductor at room temperature and moisture conditions (3.76 × 10–3 S/cm), a property that decreases with increasing temperature due to dehydration. The discovery of ZIF-93_HP highlights the potential of the high-pressure, solvent-free synthesis as a powerful tool for the exploration of different ZIFs and reticular materials that are inaccessible through traditional solvothermal methods. As crystallization under solvent-free conditions is often influenced by nonthermodynamic equilibrium, this approach holds a great potential for expanding the material landscape by enabling the discovery of different phases and structures with unique properties, such as the promising proton conductivity demonstrated here.</subfield>
  </datafield>
  <datafield tag="536" ind1=" " ind2=" ">
    <subfield code="9">info:eu-repo/grantAgreement/ES/DGA/E13-23R</subfield>
    <subfield code="9">info:eu-repo/grantAgreement/ES/DGA/T68-23R</subfield>
    <subfield code="9">info:eu-repo/grantAgreement/ES/MCIU/RYC-2018-024561-I</subfield>
    <subfield code="9">info:eu-repo/grantAgreement/ES/MICIU/CEX2023-001286-S</subfield>
    <subfield code="9">info:eu-repo/grantAgreement/ES/MICIU/CNS2023-144346</subfield>
    <subfield code="9">info:eu-repo/grantAgreement/ES/MICIU/PID2021-122940OB-C31</subfield>
    <subfield code="9">info:eu-repo/grantAgreement/ES/MICIU/PID2022-138582OB-I00</subfield>
  </datafield>
  <datafield tag="540" ind1=" " ind2=" ">
    <subfield code="9">info:eu-repo/semantics/openAccess</subfield>
    <subfield code="a">by</subfield>
    <subfield code="u">https://creativecommons.org/licenses/by/4.0/deed.es</subfield>
  </datafield>
  <datafield tag="655" ind1=" " ind2="4">
    <subfield code="a">info:eu-repo/semantics/article</subfield>
    <subfield code="v">info:eu-repo/semantics/publishedVersion</subfield>
  </datafield>
  <datafield tag="700" ind1=" " ind2=" ">
    <subfield code="a">Fernández de Luis, Roberto</subfield>
  </datafield>
  <datafield tag="700" ind1=" " ind2=" ">
    <subfield code="a">Fidalgo-Marijuan, Arkaitz</subfield>
  </datafield>
  <datafield tag="700" ind1=" " ind2=" ">
    <subfield code="a">Li, Junyan</subfield>
  </datafield>
  <datafield tag="700" ind1=" " ind2=" ">
    <subfield code="a">Mayoral, Álvaro</subfield>
    <subfield code="0">(orcid)0000-0002-5229-2717</subfield>
  </datafield>
  <datafield tag="700" ind1=" " ind2=" ">
    <subfield code="a">Coronas, Joaquín</subfield>
    <subfield code="u">Universidad de Zaragoza</subfield>
    <subfield code="0">(orcid)0000-0003-1512-4500</subfield>
  </datafield>
  <datafield tag="710" ind1="2" ind2=" ">
    <subfield code="1">5005</subfield>
    <subfield code="2">555</subfield>
    <subfield code="a">Universidad de Zaragoza</subfield>
    <subfield code="b">Dpto. Ing.Quím.Tecnol.Med.Amb.</subfield>
    <subfield code="c">Área Ingeniería Química</subfield>
  </datafield>
  <datafield tag="773" ind1=" " ind2=" ">
    <subfield code="g">8, 43 (2025), 20713-20725</subfield>
    <subfield code="p">ACS appl. nano mater.</subfield>
    <subfield code="t">ACS APPLIED NANO MATERIALS</subfield>
    <subfield code="x">2574-0970</subfield>
  </datafield>
  <datafield tag="856" ind1="4" ind2=" ">
    <subfield code="s">12174628</subfield>
    <subfield code="u">http://zaguan.unizar.es/record/164132/files/texto_completo.pdf</subfield>
    <subfield code="y">Versión publicada</subfield>
  </datafield>
  <datafield tag="856" ind1="4" ind2=" ">
    <subfield code="s">3395282</subfield>
    <subfield code="u">http://zaguan.unizar.es/record/164132/files/texto_completo.jpg?subformat=icon</subfield>
    <subfield code="x">icon</subfield>
    <subfield code="y">Versión publicada</subfield>
  </datafield>
  <datafield tag="909" ind1="C" ind2="O">
    <subfield code="o">oai:zaguan.unizar.es:164132</subfield>
    <subfield code="p">articulos</subfield>
    <subfield code="p">driver</subfield>
  </datafield>
  <datafield tag="951" ind1=" " ind2=" ">
    <subfield code="a">2026-01-12-13:14:57</subfield>
  </datafield>
  <datafield tag="980" ind1=" " ind2=" ">
    <subfield code="a">ARTICLE</subfield>
  </datafield>
</record>
</collection>